Quizzes
Events
Quiz Creation
Community
Videos
Private Events
Remove Ads
Sign In
Join for FREE
Feedback
Dark Mode
Quiz Categories
Sports
Geography
Music
Movies
Television
Just For Fun
Miscellaneous
History
Literature
Language
Science
Gaming
Entertainment
Religion
Holiday
For Kids
Quiz Lab
Recent
Popular Today
Quiz Kudos Today
Editor Picks
Curator Picks
Quizzes by...
Day
Popularity
Type
Ratings
Length
Year
Community
Subscriptions
Recent Discussions
Orange Saloon
Badges
Playlists
Quests
Create
Leaderboards
Showdown
Live 5
Trivia Bingo
Activity
Puzzle Library
Sporcle Events
Private Events
Virtual Trivia
Globe League
Become a Host
Pub Owners
SporcleCon
Opinionation
Our Games
Videos
Blog
Mobile Apps
Partnerships
Remove Ads and Go Orange
Feedback
Just For Fun
Clickable
Get the Picture
Humor
Quick Pick
Word Ladder
Missing Word
Mixed Word
Blitz
Minefield
This or That
Alphabet
Color
Typing
Sporcle
Puzzle
Word Play
Follow That Line
Logic
Just For Fun
Clickable
Get the Picture
Humor
Quick Pick
Word Ladder
Missing Word
Mixed Word
Blitz
Minefield
This or That
Alphabet
Color
Typing
Sporcle
Puzzle
Word Play
Follow That Line
Logic
Random Quiz
Search Sporcle
×
Quiz Lab
Quiz Lab
Just For Fun
Flags
Type in answers that appear in a list
Type in answers that appear in a list
Classic
Best Score? Go Orange.
Six Flags Great Adventure Rollercoasters Stats
Can you name the Six Flags Great Adventure Rollercoasters?
By
muskoxman
2m
13 Questions
1,803 Plays
1,803 Plays
1,803 Plays
Comments
Comments
Give Quiz Kudos
Give Quiz Kudos
-
- Ratings
hide this ad
Replay
Link that replays current quiz
Next Quiz
Link to next quiz in quiz playlist
You Got
0%
They Got
Avg Score
53%
Avg Friend Score
Upgrade to see
Score Distribution
Jump to the score distribution portion of the page
Score
0/13
Timer
02:00
0
Plays Today
Roller Coaster
% Correct
Kingda Ka
91.2%
El Toro
84.7%
Nitro
84.7%
Batman: The Ride
82.1%
Bizarro
72.8%
Skull Mountain
49.6%
Superman - Ultimate Flight
49.1%
Dark Knight
43.2%
Rolling Thunder
39.2%
Great American Scream Machine
38.6%
Runaway Mine Train
32.6%
Blackbeard's Lost Treasure Train
13.1%
Road Runner Railway
9.9%
Quiz Playlist
Details
Report
Send in Message
Add To Playlist
Classic:
Type in answers that appear in a list
Last Updated: Feb 16, 2017
Quiz Scoreboard
CHALLENGE
Sign Up to Join the Scoreboard
Show All
Scores
Hide
Comments
May contain spoilers
Recently Published
Movies - When Are They Set?
by FPL_Elf
Movies
5m
Popular People in 1961
by mucciniale
History
6m
1-10 Letter E Words III
by El_Dandy
Language
2m
More to Explore
Quiz From the Vault
Featured Blog Post
Where Did the Easter Bunny Come From?
hide this ad
You Might Also Like...
Tags
Flags Quiz
Adventure
Coaster
Roller
Rollercoaster
Six
Six Flags
Today's Top Quizzes in Just For Fun
Browse Just For Fun
hide this ad
Today's Top Quizzes in Flags
Browse Flags
Top Contributed Quizzes in Just For Fun
1
Crossword Whiteout! 49
2
Harry Potter Logic - 'In Chains' II
3
Survivor Winners Logic Puzzle
4
Zeroing In: Just For Fun
5
Thermometer Puzzle 25
6
Word Ladder: Ahoy Matey
7
1-30 Clickable Mines
8
Aquarium Logic Puzzle 17
9
Big Thermometer Puzzle 21
10
Edinburgh Fringe jokes 2015
Explore More
Trending Topics
NBA
Crossword
Harry Potter
Marvel
Disney
Anime
Kpop
Country
Puzzle
Soccer
NFL
The Office
Song
Pokémon
WWE
hide this ad
More By:
muskoxman
Quiz
Plays
Rating
Category
Featured
Created
Six Flags Great Adventure Rollercoasters
1,803
2.67
Just For Fun
Feb 9, 2010
Six Flags Magic Mountain Roller Coasters
890
3.17
Just For Fun
Feb 8, 2010
Canada's Wonderland Roller Coasters
556
4.33
Just For Fun
Feb 9, 2010
The Longest Word
53
2.00
Language
Feb 9, 2010
Go to Creator's Profile
Score Distribution
Quiz Creator Spotlight
muskoxman
Follow
Send a Message
Quizzes Created
-
Created Quiz Play Count
-
More By This Creator
Popular Quizzes Today
1
Find the Countries of Europe - No Outlines Minefield
2
Find the US States - No Outlines Minefield
3
The Countries of the World
4
Popular People in 1961
5
US States
6
1-10 Letter E Words III
7
Find the US States
8
One Thing in Common: World Cities II
More Just For Fun Quizzes
One Minute Jigsaw
Published
Trending Quizzes
Risky Map Clicking: Least Populous States A-Z
1-10 Letter F Words
1-10 Letter G Words
One Thing in Common: United Kingdom
Risky Map Clicking: Next State Alphabetically
Recently Updated
Leaping Animals
pecheneg
Reality TV Shows (A-Z)
bhenderson79
Rickey Henderson's Hall of Fame Teammates
pecheneg
Champions League XIs: Arsenal
pecheneg
Quick Pick: Celebrities in WWE's Hall of Fame
aduchscher
A-Z Keypad Blitz II
pecheneg
Multiple Oscar Actors
pecheneg
Mystery Phrase Blitz: Oscar 'Best Actors'
pecheneg
F. Scott Fitzgerald Novels
LTH
Pick 3 Villains
ddd62291
Trending Topics
Kpop
Disney
Marvel
Anime
Harry Potter
Crossword
NBA
WWE
Song
Soccer
Pokémon
The Office
Puzzle
Country
NFL
Your Account Isn't Verified!
In order to create a playlist on Sporcle, you need to verify the email address you used during registration. Go to your
Sporcle Settings
to finish the process.
Report this User
Report this user for behavior that violates our
Community Guidelines
.
Details:
Send Report
Go to the Sporcle.com Mobile Site →
Comments